Лавлагаа ба мэдээллийн үйлчилгээ (Бичлэгийн дугаар. 25058)
[ энгийн харах ]
| 000 -Удирдлага | |
|---|---|
| Ном зүйн бүртгэл тоо буюу кодлох утгыг агуулсан | 00496 a2200205 4500 |
| 008 - ЕРӨНХИЙ МЭДЭЭЛЭЛ-ЭЛЕМЕНТҮҮДИЙН ӨГӨГДЛИЙН УРТ | |
| fixed length control field | a130416b mp ||||| |||| 00| 0 mon d |
| 041 ## - ХЭЛНИЙ КОД | |
| Текстийн хэлний код/фонограм буюу салангид гарчиг | Монгол |
| 084 ## - БУСАД АНГИЛЛЫН ДУГААР | |
| Ангиллын нэр | |
| 084 ## - БУСАД АНГИЛЛЫН ДУГААР | |
| Анги | 78.5 |
| 084 ## - БУСАД АНГИЛЛЫН ДУГААР | |
| Зохиогчийн 3-н тэмдэгт | Б 573 |
| 100 1# - ЗОХИОГЧИЙН ХЭСЭГ | |
| Зохиогчийн нэр | Бонн Р.Е. |
| 245 1# - ҮНДСЭН ГАРЧИГ | |
| Гарчиг | Лавлагаа ба мэдээллийн үйлчилгээ |
| 260 3# - ГАРАЛТЫН ТУХАЙ МЭДЭЭ | |
| Хэвлэлийн газар | УБ |
| 260 30 - ГАРАЛТЫН ТУХАЙ МЭДЭЭ | |
| Хэвлэлийн газар | УБ |
| 260 3# - ГАРАЛТЫН ТУХАЙ МЭДЭЭ | |
| Хэвлэгдсэн он | 2001 |
| 300 ## - ТООНЫ МЭДЭЭ | |
| Хуудасны тоо | 753х. |
| 546 ## - ХЭЛНИЙ ТУХАЙ МЭДЭЭ | |
| Хэл | |
| 700 12 - ХАМ ЗОХИОГЧИД | |
| Хам зохиогчид | Смит Л.С. |
| Буцаан татагдсан төлөв | Хасагдсан шалтгаан | Гэмтсэн төлөв | Данс заагч | Захиалах боломжгүй | Үндсэн номын сан | Одоогийн байршил | Салбар танхим | Сан хөмрөг 5 | Бүртгэсэн огноо | Тавиурын заалт | Баркод | Үнэ | Хамгийн сүүлд байсан огноо | Нийт уншлаганд гарсан тоо | Төрөл |
|---|---|---|---|---|---|---|---|---|---|---|---|---|---|---|---|
| Албан хэрэгцээнд | МУҮндэсний Номын сан | МУҮндэсний Номын сан | МУҮНС төв | Архив фонд төв байр | МУҮНС төв | Архив фонд төв байр | 2016-03-25 | 25347 | 003110025347 | 6000.00 | 2016-03-25 | Ном |